| 000 | 00838nam a22001937a 4500 | ||
|---|---|---|---|
| 008 | 170425b xxu||||| |||| 00| 0 eng d | ||
| 020 | _a9715422403 | ||
| 082 |
_21999 _aDFil 899.2114 _bF48 |
||
| 245 |
_aFilipino nationalism: _bvarious meanings, constant and changing goals, continuing relevance = Nasyonalismong Pilipino : sari-saring kahulugan, patuloy at nagbabagong mga layon, at dumadaloy na kaugnayan/ _cEdited by Jose V. Abueva. |
||
| 260 |
_aQuezon City: _bUP Press, _cc1999. |
||
| 300 |
_a955 pages; _c25 cm. |
||
| 440 |
_920209 _a Pamana : the U.P. anthology of Filipino socio-political thought since 1872. |
||
| 500 | _aIncludes index. | ||
| 650 | 0 |
_920210 _aNationalism -- Philippines. |
|
| 650 | 0 |
_920211 _aPatriotism. |
|
| 650 | 0 |
_920212 _aEconomic policy. |
|
| 700 |
_920213 _aAbueva, Jose V. _eEditor |
||
| 942 |
_2ddc _cDFIL |
||
| 999 |
_c6672 _d6672 |
||